Les violences politiques : Débats, diversité, dynamiques (notice n° 2198579)

détails MARC
000 -LEADER
fixed length control field 01526cam a2200145 4500500
005 - DATE AND TIME OF LATEST TRANSACTION
control field 20260405085550.0
041 ## - LANGUAGE CODE
Language code of text/sound track or separate title fre
042 ## - AUTHENTICATION CODE
Authentication code dc
100 10 - MAIN ENTRY--PERSONAL NAME
Personal name Crettiez, Xavier
Relator term author
245 00 - TITLE STATEMENT
Title Les violences politiques : Débats, diversité, dynamiques
260 ## - PUBLICATION, DISTRIBUTION, ETC.
Name of publisher, distributor, etc. Armand Colin,<br/>
Date of publication, distribution, etc. 2021.<br/>
520 ## - SUMMARY, ETC.
Summary, etc. Guerres, attentats, violences de masse, mouvements de révolte sociale... l’actualité nationale et internationale est fortement marquée par des manifestations de violences politiques, parfois extrêmes, dans un contexte de transformations profondes de l’ordre mondial. Pour comprendre ces phénomènes et les mettre à distance, cet ouvrage propose une grille de lecture des violences politiques en convoquant les apports de la sociologie politique, de l’anthropologie, de l’histoire, des relations internationales et de la psychologie sociale. Il repose sur trois ambitions. La première est académique et cherche à identifier les grands débats théoriques sur le déclenchement et l’irruption des violences politiques. La deuxième est descriptive, passant en revue la variété des formes de la violence, allant du terrorisme à la guerre en passant par les révoltes de rue ou les massacres collectifs. La dernière est analytique et interroge les logiques de l’engagement individuel et collectif ainsi que celles de la sortie de la violence.
700 10 - ADDED ENTRY--PERSONAL NAME
Personal name Duclos, Nathalie
Relator term author
856 41 - ELECTRONIC LOCATION AND ACCESS
Uniform Resource Identifier <a href="https://shs.cairn.info/violences-politiques--9782200616878?lang=fr&redirect-ssocas=7080">https://shs.cairn.info/violences-politiques--9782200616878?lang=fr&redirect-ssocas=7080</a>

Pas d'exemplaire disponible.

PLUDOC

PLUDOC est la plateforme unique et centralisée de gestion des bibliothèques physiques et numériques de Guinée administré par le CEDUST. Elle est la plus grande base de données de ressources documentaires pour les Étudiants, Enseignants chercheurs et Chercheurs de Guinée.

Adresse

627 919 101/664 919 101

25 boulevard du commerce
Kaloum, Conakry, Guinée

Réseaux sociaux

Powered by Netsen Group @ 2025